00383nam a2200145Ia 4500008004100000020001800041041000800059082001500067100004300082245005100125260002000176300001400196365001400210650001300224210423s2012 xx 000 0 und d a9780415609975 aeng a404.2 WEBJ aWEBER (Jean-Jacques);HORNER (Kristine) aIntroducing multilingualism: a social approach bRoutledgec2012 ax,214bPB b1845cINR aLanguage